ISBD (M) : (Registro nro. 20025)
[ vista simple ]
| 000 -CABECERA | |
|---|---|
| campo de control de longitud fija | 00880nam a2200217 a 4500 |
| 001 - NÚMERO DE CONTROL | |
| campo de control | 000020521 |
| 005 - FECHA Y HORA DE LA ÚLTIMA TRANSACCIÓN | |
| campo de control | 20200930011125.0 |
| 008 - DATOS DE LONGITUD FIJA--INFORMACIÓN GENERAL | |
| campo de control de longitud fija | 100322s1993 sp 000 0 spa d |
| 020 ## - NÚMERO INTERNACIONAL ESTÁNDAR DEL LIBRO | |
| Número Internacional Estándar del Libro | 848871601X (ANABAD) |
| 020 ## - NÚMERO INTERNACIONAL ESTÁNDAR DEL LIBRO | |
| Número Internacional Estándar del Libro | 8476351372 (ARCO/LIBROS) |
| 040 ## - FUENTE DE LA CATALOGACIÓN | |
| Centro catalogador/agencia de origen | DO-SdBNP |
| Lengua de catalogación | spa |
| Centro/agencia transcriptor | BNPHU |
| 082 ## - NÚMERO DE LA CLASIFICACIÓN DECIMAL DEWEY | |
| Número de clasificación | xxxx |
| Número de documento/Ítem | xxxx |
| 245 00 - MENCIÓN DE TÍTULO | |
| Título | ISBD (M) : |
| Resto del título | descripción bibliográfica internacional normalizada para publicaciones monográficas / |
| Mención de responsabilidad, etc. | traducción y ejemplos Pilar Benedito Castellote, María Dolores del Castillo Cuervo-Arango, Amelia López Rodríguez. |
| 260 ## - PUBLICACIÓN, DISTRIBUCIÓN, ETC. | |
| Lugar de publicación, distribución, etc. | Madrid : |
| Nombre del editor, distribuidor, etc. | Anadad |
| -- | Arco/libros, |
| Fecha de publicación, distribución, etc. | 1993. |
| 300 ## - DESCRIPCIÓN FÍSICA | |
| Extensión | 99 p. ; |
| Dimensiones | 25 cm. |
| 490 0# - MENCIÓN DE SERIE | |
| Mención de serie | Normas |
| 700 1# - PUNTO DE ACCESO ADICIONAL--NOMBRE DE PERSONA | |
| Nombre de persona | Benedito Castellote, Pilar |
| Término indicativo de función/relación | trad. y ej. |
| 9 (RLIN) | 43238 |
| 700 1# - PUNTO DE ACCESO ADICIONAL--NOMBRE DE PERSONA | |
| Nombre de persona | Castillo Cuervo-Arango, María Dolores del |
| Término indicativo de función/relación | trad. y ej. |
| 9 (RLIN) | 43239 |
| 700 1# - PUNTO DE ACCESO ADICIONAL--NOMBRE DE PERSONA | |
| Nombre de persona | López Rodríguez, Amelia |
| Término indicativo de función/relación | trad. y ej. |
| 9 (RLIN) | 43240 |
| 830 #0 - PUNTO DE ACCESO ADICIONAL DE SERIE-TÍTULO UNIFORME | |
| Título uniforme | Normas |
| 9 (RLIN) | 43241 |
| Estado de retiro | Estado de pérdida | Restricciones de uso | No para préstamo | Código de colección | Localización permanente | Ubicación/localización actual | Ubicación en estantería | Fecha de adquisición | Número de inventario | Total de préstamos | Signatura topográfica completa | Código de barras | Fecha visto por última vez | Precio válido a partir de | Tipo de ítem Koha |
|---|---|---|---|---|---|---|---|---|---|---|---|---|---|---|---|
| Excluido de préstamo | Monografías: Libros y Folletos | General | General | En catalogación | 11.10.2017 | LF1 | xxxx xxxx | 20521-10 | 25.06.2020 | 25.06.2020 | No se presta |
